Prítomnosť bisfenolu A v potravinách a jeho vplyv na rozvoj civilizačných ochorení

Gespeichert in:
Bibliographische Detailangaben
1. Verfasser: Farkašová, Katarína (Verfasst von)
Weitere Verfasser: Kolarič, Lukáš (Betreuung Doktorarbeit)
Format: Manuskript Buch
Sprache:Slowakisch
Veröffentlicht: 2024
Schlagworte:
Online-Zugang:http://is.stuba.sk/zp/portal_zp.pl?podrobnosti=171523
Tags: Tag hinzufügen
Keine Tags, Fügen Sie das erste Tag hinzu!

MARC

LEADER 00000ntm a22000003a 4500
001 stuzp99181
003 SK-STU
005 20240622210738.2
007 ta
008 150427s2015----xo-----f-mn---000-0-slo-d
040 |a STU  |b slo 
041 0 |a slo 
100 1 |a Farkašová, Katarína  |u 040250  |4 aut  |U FCHPT Ústav potravinárstva a výživy  |T FCHPT Oddelenie potravinárskej technológie  |X 117252  |U C0250  |Y 685  |7 117252 
242 0 1 |a The occurrence of bisphenol A in food and its influence on the development of civilization diseases  |y eng 
245 1 0 |a Prítomnosť bisfenolu A v potravinách a jeho vplyv na rozvoj civilizačných ochorení 
260 |c 2024 
650 4 |a bisfenol A  |2 slo 
650 4 |a potraviny  |2 slo 
650 4 |a ochorenia  |2 slo 
650 4 |a migrácia  |2 slo 
650 4 |a endokrinný disruptor  |2 slo 
650 4 |a diseases  |2 eng 
650 4 |a bisphenol A  |2 eng 
650 4 |a migration  |2 eng 
650 4 |a food  |2 eng 
650 4 |a endocrine disruptor  |2 eng 
700 1 |a Kolarič, Lukáš  |u 040250  |k Z1  |4 ths  |U FCHPT Ústav potravinárstva a výživy  |T FCHPT Oddelenie potravinárskej technológie  |X 63720  |U C0250  |Y 685  |7 63720 
856 4 |u http://is.stuba.sk/zp/portal_zp.pl?podrobnosti=171523